LEADER 00927nam0-22003251i-450 001 990004652050403321 005 20170901125905.0 010 $a980-00-0492-0 035 $a000465205 035 $aFED01000465205 035 $a(Aleph)000465205FED01 035 $a000465205 100 $a19990530d1992----km-y0itay50------ba 101 0 $aspa 102 $aVE 105 $ay-------001yy 200 1 $a<>comunicacion humana$fIgor Colina 210 $aCaracas$cUniversidad Central de Venezuela Consejo de Desarollo Cientifico y Humanistico$d1992 215 $a85 p.$d21 cm 225 1 $aColeccion Monografias$v5 610 0 $aComunicazione 676 $a302.2092$v22$zita 700 1$aColina,$bIgor$0185107 801 0$aIT$bUNINA$gRICA$2UNIMARC 901 $aBK 912 $a990004652050403321 952 $a302.2 COL 1$bBibl.14497$fFLFBC 959 $aFLFBC 996 $aComunicacion humana$9554018 997 $aUNINA